[Event "Nordic Youth Chess Championship"]
[Site "?"]
[Date "2020.02.14"]
[Round "1.1"]
[White "Crevatin, Leo"]
[Black "Storme, Isak"]
[Result "1/2-1/2"]
[BlackElo "2314"]
[WhiteElo "2219"]
[LiveChessVersion "1.4.8"]

1. d4 {[%clk 1:30:58]} Nf6 {[%clk 1:30:54]} 2. c4 {[%clk 1:31:18]} e6
{[%clk 1:31:21]} 3. Nc3 {[%clk 1:31:43]} Bb4 {[%clk 1:31:47]} 4. e3
{[%clk 1:32:09]} O-O {[%clk 1:32:07]} 5. Bd3 {[%clk 1:32:35]} d5 {[%clk 1:32:05]}
6. cxd5 {[%clk 1:33:03]} exd5 7. Nge2 {[%clk 1:33:24]} b6 {[%clk 1:29:36]} 8. O-O
{[%clk 1:31:44]} Bb7 {[%clk 1:29:45]} 9. Nf4 {[%clk 1:28:59]} Bd6
{[%clk 1:28:21]} 10. Qf3 {[%clk 1:27:47]} Re8 {[%clk 1:15:14]} 11. Bd2
{[%clk 1:17:02]} Ne4 {[%clk 1:12:25]} 12. Be1 {[%clk 1:11:03]} f5
{[%clk 0:49:45]} 13. Nfxd5 {[%clk 1:02:37]} c6 {[%clk 0:34:36]} 14. Nf4
{[%clk 0:53:25]} Qh4 {[%clk 0:27:35]} 15. Qh5 {[%clk 0:41:39]} Qxh5
{[%clk 0:27:29]} 16. Nxh5 {[%clk 0:42:07]} c5 {[%clk 0:27:38]} 17. Nb5
{[%clk 0:38:59]} Rd8 {[%clk 0:26:24]} 18. f3 {[%clk 0:31:38]} Nf6
{[%clk 0:26:49]} 19. Nxf6+ {[%clk 0:31:46]} gxf6 {[%clk 0:27:15]} 20. Bxf5
{[%clk 0:28:58]} Ba6 {[%clk 0:26:19]} 21. a4 {[%clk 0:28:01]} cxd4
{[%clk 0:25:46]} 22. Be4 {[%clk 0:23:18]} dxe3 {[%clk 0:25:53]} 23. Nxd6
{[%clk 0:20:57]} e2 {[%clk 0:25:08]} 24. Rf2 {[%clk 0:19:54]} Rxd6
{[%clk 0:25:03]} 25. Bxa8 {[%clk 0:18:52]} Rd1 {[%clk 0:25:08]} 26. Rxe2
{[%clk 0:19:18]} Bxe2 {[%clk 0:25:31]} 27. Rxd1 {[%clk 0:19:38]} Bxd1
{[%clk 0:25:54]} 28. a5 {[%clk 0:18:29]} bxa5 {[%clk 0:25:35]} 29. Bxa5
{[%clk 0:18:54]} Bb3 {[%clk 0:24:28]} 30. Kf2 {[%clk 0:18:43]} Nd7
{[%clk 0:23:33]} 31. Ke3 {[%clk 0:17:32]} Kf7 {[%clk 0:23:21]} 32. Kd4
{[%clk 0:17:32]} Ke6 {[%clk 0:23:19]} 33. Bc7 {[%clk 0:16:32]} f5
{[%clk 0:22:25]} 34. Bb7 {[%clk 0:15:28]} Ke7 {[%clk 0:17:51]} 35. Bd5
{[%clk 0:12:59]} Ba4 {[%clk 0:18:16]} 36. Be5 {[%clk 0:10:36]} Bb5
{[%clk 0:17:42]} 37. Bg8 {[%clk 0:10:30]} h5 {[%clk 0:17:24]} 38. Bh7
{[%clk 0:09:32]} Ke6 {[%clk 0:17:46]} 39. Bg8+ {[%clk 0:09:18]} Ke7
{[%clk 0:18:11]} 40. Bg7 {[%clk 0:08:36]} h4 {[%clk 0:17:51]} 41. Ke3
{[%clk 0:06:54]} Bf1 {[%clk 0:17:34]} 42. Bd4 {[%clk 0:06:33]} Bxg2
{[%clk 0:14:38]} 43. Bxa7 {[%clk 0:05:59]} Ne5 {[%clk 0:15:02]} 44. Bc5+
{[%clk 0:05:11]} Kd7 {[%clk 0:14:24]} 45. Bd5 {[%clk 0:05:21]} f4+
{[%clk 0:14:32]} 46. Ke2 {[%clk 0:04:33]} Ng4 {[%clk 0:13:46]} 47. Bg1
{[%clk 0:03:23]} Nf6 {[%clk 0:13:47]} 48. Ba8 {[%clk 0:03:06]} Kd6
{[%clk 0:11:54]} 49. Bf2 {[%clk 0:02:31]} Ng4 {[%clk 0:10:22]} 50. fxg4
{[%clk 0:01:16]} Bxa8 {[%clk 0:10:46]} 51. Bxh4 {[%clk 0:01:41]} Ke5
{[%clk 0:10:47]} 52. Bd8 {[%clk 0:01:20]} Ke4 {[%clk 0:10:01]} 53. Kf2
{[%clk 0:01:40]} Bc6 {[%clk 0:09:36]} 54. h4 {[%clk 0:01:53]} Bd7
{[%clk 0:09:40]} 55. g5 {[%clk 0:01:49]} Be8 {[%clk 0:09:37]} 56. b4
{[%clk 0:01:49]} Kf5 {[%clk 0:09:57]} 57. Be7 {[%clk 0:01:06]} Kg4
{[%clk 0:09:09]} 58. Bd6 {[%clk 0:00:52]} Kf5 {[%clk 0:09:06]} 59. Ke2
{[%clk 0:01:08]} Kg4 {[%clk 0:08:39]} 60. Kd2 {[%clk 0:01:22]} f3
{[%clk 0:08:20]} 61. Ke3 {[%clk 0:01:34]} Kxh4 {[%clk 0:08:37]} 62. Kxf3
{[%clk 0:01:12]} Kxg5 {[%clk 0:09:00]} 63. Ke3 {[%clk 0:01:37]} Kf5
{[%clk 0:09:23]} 64. Kd4 {[%clk 0:02:06]} Ke6 {[%clk 0:09:46]} 65. Kc5
{[%clk 0:02:32]} Bd7 {[%clk 0:10:10]} 66. Bh2 {[%clk 0:02:57]} Be8
{[%clk 0:10:35]} 67. Bb8 {[%clk 0:03:13]} Ba4 {[%clk 0:11:00]} 68. b5
{[%clk 0:03:40]} Bxb5 {[%clk 0:11:25]} 69. Kxb5 {[%clk 0:04:08]} 1/2-1/2

[Event "Nordic Youth Chess Championship"]
[Site "?"]
[Date "2020.02.14"]
[Round "1.2"]
[White "Risting, Eivind Olav"]
[Black "Kistrup, Nicolai"]
[Result "0-1"]
[BlackElo "2194"]
[WhiteElo "2306"]
[LiveChessVersion "1.4.8"]

1. d4 {[%clk 1:30:55]} Nf6 {[%clk 1:30:53]} 2. c4 {[%clk 1:31:18]} e6
{[%clk 1:31:19]} 3. Nc3 {[%clk 1:31:27]} Bb4 {[%clk 1:31:37]} 4. e3
{[%clk 1:31:21]} O-O {[%clk 1:30:28]} 5. Nf3 {[%clk 1:30:56]} d5 {[%clk 1:29:17]}
6. Bd2 {[%clk 1:30:57]} Re8 {[%clk 1:15:19]} 7. Bd3 {[%clk 1:25:26]} dxc4
{[%clk 1:03:28]} 8. Bxc4 {[%clk 1:25:49]} Bf8 {[%clk 1:00:32]} 9. e4
{[%clk 1:18:07]} c5 {[%clk 0:54:31]} 10. dxc5 {[%clk 1:13:07]} Bxc5
{[%clk 0:50:01]} 11. O-O {[%clk 1:09:13]} a6 {[%clk 0:41:36]} 12. e5
{[%clk 1:03:30]} Nfd7 {[%clk 0:31:50]} 13. Qe2 {[%clk 0:56:50]} Nc6
{[%clk 0:27:40]} 14. Rad1 {[%clk 0:28:32]} Nd4 {[%clk 0:13:25]} 15. Nxd4
{[%clk 0:22:09]} Bxd4 {[%clk 0:13:48]} 16. Bf4 {[%clk 0:14:34]} Bxc3
{[%clk 0:11:42]} 17. bxc3 {[%clk 0:15:03]} Qc7 {[%clk 0:10:30]} 18. Bd3
{[%clk 0:13:47]} Nf8 {[%clk 0:04:00]} 19. h4 {[%clk 0:13:37]} f5 {[%clk 0:01:11]}
20. h5 {[%clk 0:09:10]} Bd7 {[%clk 0:00:46]} 21. Be3 {[%clk 0:07:24]} Qxe5
{[%clk 0:00:38]} 22. f4 {[%clk 0:07:41]} Qxc3 {[%clk 0:00:42]} 23. Rc1
{[%clk 0:07:03]} Qb4 {[%clk 0:00:32]} 24. Rb1 {[%clk 0:05:33]} Qd6
{[%clk 0:00:45]} 25. Rfd1 {[%clk 0:05:30]} Qb8 {[%clk 0:00:36]} 26. h6
{[%clk 0:04:39]} gxh6 {[%clk 0:00:36]} 27. Qh5 {[%clk 0:03:33]} Re7
{[%clk 0:00:36]} 28. Qxh6 {[%clk 0:02:46]} Rg7 {[%clk 0:00:38]} 29. Bc4
{[%clk 0:01:45]} Rg6 {[%clk 0:00:36]} 30. Qh4 {[%clk 0:01:23]} Bc6
{[%clk 0:00:50]} 31. Rb2 {[%clk 0:01:01]} Qc7 {[%clk 0:00:51]} 32. Bb3
{[%clk 0:00:33]} Re8 {[%clk 0:00:36]} 33. Qe1 {[%clk 0:00:43]} Nd7
{[%clk 0:00:34]} 34. Qc3 {[%clk 0:00:36]} Nf6 {[%clk 0:00:37]} 35. Qc5
{[%clk 0:00:42]} Qg7 {[%clk 0:00:37]} 36. Rdd2 {[%clk 0:00:41]} Ne4
{[%clk 0:00:53]} 37. Qe5 {[%clk 0:00:33]} Nxd2 {[%clk 0:01:01]} 38. Qxg7+
{[%clk 0:00:52]} Rxg7 {[%clk 0:01:19]} 39. Rxd2 {[%clk 0:01:12]} Rd7
{[%clk 0:01:26]} 40. Rc2 {[%clk 0:01:02]} Kf7 {[%clk 0:01:26]} 41. Rc5
{[%clk 0:01:09]} Bd5 {[%clk 0:01:25]} 42. Bxd5 {[%clk 0:00:52]} exd5
{[%clk 0:01:11]} 43. Bd4 {[%clk 0:00:52]} Re4 {[%clk 0:01:22]} 44. Be5
{[%clk 0:01:13]} Rc4 {[%clk 0:01:35]} 0-1

[Event "Nordic Youth Chess Championship"]
[Site "?"]
[Date "2020.02.14"]
[Round "1.3"]
[White "Orn Birkisson, Bardur"]
[Black "Lund, Gunnar"]
[Result "0-1"]
[BlackElo "2288"]
[WhiteElo "2186"]
[LiveChessVersion "1.4.8"]

1. d4 {[%clk 1:30:49]} Nf6 {[%clk 1:30:55]} 2. Nf3 {[%clk 1:29:14]} d5
{[%clk 1:31:16]} 3. c4 {[%clk 1:26:29]} e6 {[%clk 1:31:19]} 4. Nc3
{[%clk 1:25:46]} dxc4 {[%clk 1:31:44]} 5. e3 {[%clk 1:22:02]} a6 {[%clk 1:32:09]}
6. a4 {[%clk 1:18:28]} c5 {[%clk 1:32:32]} 7. Bxc4 {[%clk 1:16:16]} Nc6
{[%clk 1:29:20]} 8. O-O {[%clk 1:13:36]} cxd4 {[%clk 1:26:07]} 9. exd4
{[%clk 1:12:04]} Be7 {[%clk 1:24:25]} 10. Re1 {[%clk 1:04:47]} O-O
{[%clk 1:23:43]} 11. Bg5 {[%clk 0:48:07]} h6 {[%clk 1:03:27]} 12. Bh4
{[%clk 0:43:56]} Nh5 {[%clk 1:02:53]} 13. Bxe7 {[%clk 0:32:56]} Nxe7
{[%clk 1:03:16]} 14. d5 {[%clk 0:32:15]} Nxd5 {[%clk 0:58:24]} 15. Nxd5
{[%clk 0:32:17]} exd5 {[%clk 0:58:45]} 16. Qxd5 {[%clk 0:28:26]} Qxd5
{[%clk 0:58:22]} 17. Bxd5 {[%clk 0:28:45]} Nf4 {[%clk 0:58:37]} 18. Bc4
{[%clk 0:23:12]} Be6 {[%clk 0:58:30]} 19. Rac1 {[%clk 0:23:00]} Rac8
{[%clk 0:57:27]} 20. Bf1 {[%clk 0:11:29]} Bd5 {[%clk 0:52:58]} 21. Nd4
{[%clk 0:09:32]} g6 {[%clk 0:53:20]} 22. g3 {[%clk 0:09:32]} Ne6 {[%clk 0:53:34]}
23. Nxe6 {[%clk 0:09:24]} Bxe6 {[%clk 0:53:56]} 24. Bg2 {[%clk 0:09:38]} b6
{[%clk 0:48:54]} 25. b4 {[%clk 0:07:40]} a5 {[%clk 0:42:42]} 26. bxa5
{[%clk 0:06:39]} bxa5 {[%clk 0:41:26]} 27. h4 {[%clk 0:06:26]} Rxc1
{[%clk 0:31:03]} 28. Rxc1 {[%clk 0:06:49]} Rc8 {[%clk 0:31:27]} 29. Rxc8+
{[%clk 0:05:15]} Bxc8 {[%clk 0:31:47]} 30. Bc6 {[%clk 0:03:28]} Kf8
{[%clk 0:32:10]} 31. Kf1 {[%clk 0:03:50]} Ke7 {[%clk 0:32:34]} 32. Ke2
{[%clk 0:04:12]} Kd6 {[%clk 0:32:46]} 33. Be8 {[%clk 0:03:43]} Be6
{[%clk 0:32:58]} 34. Kd3 {[%clk 0:03:54]} Kd5 {[%clk 0:31:23]} 35. Bb5
{[%clk 0:02:09]} Bf5+ {[%clk 0:31:32]} 36. Kc3 {[%clk 0:01:27]} f6
{[%clk 0:31:02]} 37. f3 {[%clk 0:00:45]} g5 {[%clk 0:30:38]} 38. hxg5
{[%clk 0:00:45]} fxg5 {[%clk 0:30:47]} 39. Be8 {[%clk 0:00:37]} Kc5
{[%clk 0:30:20]} 40. g4 {[%clk 0:00:32]} Bh7 {[%clk 0:30:40]} 41. Bd7
{[%clk 0:00:40]} Bg6 {[%clk 0:30:38]} 42. Bb5 {[%clk 0:00:47]} Bf7
{[%clk 0:30:24]} 43. Be2 {[%clk 0:00:53]} Bd5 {[%clk 0:30:25]} 44. Bd1
{[%clk 0:00:36]} Bc6 {[%clk 0:30:50]} 45. Kb3 {[%clk 0:00:33]} Kd4
{[%clk 0:31:11]} 0-1

[Event "Nordic Youth Chess Championship"]
[Site "?"]
[Date "2020.02.14"]
[Round "1.4"]
[White "Lahdelma, Henri"]
[Black "Skaale, Janus"]
[Result "1-0"]
[BlackElo "1799"]
[WhiteElo "2253"]
[LiveChessVersion "1.4.8"]

1. d4 {[%clk 1:30:56]} d5 {[%clk 1:30:45]} 2. c4 {[%clk 1:31:15]} c6
{[%clk 1:30:40]} 3. Nf3 {[%clk 1:31:34]} Nf6 {[%clk 1:30:36]} 4. Nc3
{[%clk 1:31:41]} dxc4 {[%clk 1:30:08]} 5. a4 {[%clk 1:32:03]} Bf5
{[%clk 1:29:05]} 6. e3 {[%clk 1:32:05]} e6 {[%clk 1:25:47]} 7. Bxc4
{[%clk 1:32:24]} Bb4 {[%clk 1:24:41]} 8. O-O {[%clk 1:32:40]} O-O
{[%clk 1:24:57]} 9. Nh4 {[%clk 1:32:39]} Bg6 {[%clk 1:24:54]} 10. Qb3
{[%clk 1:31:39]} Qe7 {[%clk 1:15:23]} 11. Nxg6 {[%clk 1:30:00]} hxg6
{[%clk 1:15:49]} 12. a5 {[%clk 1:05:54]} Nbd7 {[%clk 1:06:50]} 13. a6
{[%clk 1:00:46]} b5 {[%clk 1:02:58]} 14. Bd3 {[%clk 0:58:43]} Nb6
{[%clk 0:59:33]} 15. f4 {[%clk 0:43:17]} Rfd8 {[%clk 0:58:02]} 16. h3
{[%clk 0:39:56]} Rac8 {[%clk 0:57:54]} 17. Na2 {[%clk 0:37:31]} Bd6
{[%clk 0:55:37]} 18. e4 {[%clk 0:37:08]} Bb8 {[%clk 0:54:57]} 19. Be3
{[%clk 0:37:26]} Nfd7 {[%clk 0:46:16]} 20. Rac1 {[%clk 0:30:15]} Kh8
{[%clk 0:41:07]} 21. Nb4 {[%clk 0:25:51]} c5 {[%clk 0:39:42]} 22. dxc5
{[%clk 0:25:40]} Nxc5 {[%clk 0:39:10]} 23. Bxc5 {[%clk 0:26:03]} Rxc5
{[%clk 0:37:28]} 24. Nc6 {[%clk 0:26:25]} Rxc6 {[%clk 0:27:53]} 25. Rxc6
{[%clk 0:26:49]} Qd7 {[%clk 0:27:57]} 26. Bxb5 {[%clk 0:25:05]} Qd4+
{[%clk 0:26:29]} 27. Kh1 {[%clk 0:25:27]} Qxe4 {[%clk 0:26:25]} 28. Qg3
{[%clk 0:15:24]} Qd5 {[%clk 0:24:10]} 29. Rc5 {[%clk 0:13:16]} Qd6
{[%clk 0:21:44]} 30. Rc6 {[%clk 0:09:25]} Qd5 {[%clk 0:22:12]} 31. Qf2
{[%clk 0:09:29]} Nc8 {[%clk 0:08:11]} 32. Qc5 {[%clk 0:07:07]} Qxc5
{[%clk 0:06:57]} 33. Rxc5 {[%clk 0:07:31]} Ne7 {[%clk 0:06:44]} 34. Be2
{[%clk 0:04:31]} Nd5 {[%clk 0:06:28]} 35. g3 {[%clk 0:04:26]} Bc7
{[%clk 0:03:07]} 36. Rfc1 {[%clk 0:03:39]} Bb6 {[%clk 0:03:22]} 37. Rc8
{[%clk 0:04:04]} Rxc8 {[%clk 0:03:42]} 38. Rxc8+ {[%clk 0:04:31]} Kh7
{[%clk 0:04:05]} 39. Rf8 {[%clk 0:04:32]} f6 {[%clk 0:03:16]} 40. Re8
{[%clk 0:04:32]} Nc7 {[%clk 0:03:36]} 41. Rb8 {[%clk 0:04:29]} Bd4
{[%clk 0:02:19]} 42. Kg2 {[%clk 0:02:59]} e5 {[%clk 0:01:39]} 43. fxe5
{[%clk 0:02:52]} fxe5 {[%clk 0:01:56]} 44. b4 {[%clk 0:02:54]} Nd5
{[%clk 0:00:36]} 45. b5 {[%clk 0:02:57]} Nb6 {[%clk 0:00:37]} 46. Rb7
{[%clk 0:02:57]} Nc8 {[%clk 0:00:35]} 47. Bg4 {[%clk 0:02:20]} Nd6
{[%clk 0:00:44]} 48. b6 {[%clk 0:02:41]} Nb5 {[%clk 0:00:36]} 49. Rxg7+
{[%clk 0:02:58]} Kxg7 {[%clk 0:00:44]} 50. b7 {[%clk 0:03:24]} e4
{[%clk 0:00:58]} 51. b8=Q {[%clk 0:03:46]} 1-0

[Event "Nordic Youth Chess Championship"]
[Site "?"]
[Date "2020.02.14"]
[Round "1.5"]
[White "Takala, Jaakko"]
[Black "Freyr Heimisson, Hilmir"]
[Result "0-1"]
[BlackElo "2250"]
[WhiteElo "1686"]
[LiveChessVersion "1.4.8"]

1. e4 {[%clk 1:30:58]} c5 {[%clk 1:30:50]} 2. Nf3 {[%clk 1:30:59]} Nc6
{[%clk 1:31:01]} 3. d4 {[%clk 1:30:54]} cxd4 {[%clk 1:31:24]} 4. Nxd4
{[%clk 1:31:19]} e5 {[%clk 1:31:47]} 5. Nxc6 {[%clk 1:31:05]} bxc6
{[%clk 1:32:07]} 6. Nc3 {[%clk 1:23:55]} Nf6 {[%clk 1:31:19]} 7. Bg5
{[%clk 1:22:54]} h6 {[%clk 1:28:51]} 8. Bxf6 {[%clk 1:22:59]} Qxf6
{[%clk 1:29:11]} 9. Bc4 {[%clk 1:18:33]} Bc5 {[%clk 1:18:10]} 10. Qd2
{[%clk 1:13:11]} Qg5 {[%clk 1:13:24]} 11. Qxg5 {[%clk 1:10:00]} hxg5
{[%clk 1:13:43]} 12. Na4 {[%clk 1:05:30]} Be7 {[%clk 1:10:08]} 13. O-O-O
{[%clk 1:02:36]} g4 {[%clk 0:56:18]} 14. Rd3 {[%clk 0:56:49]} g6 {[%clk 0:39:14]}
15. f3 {[%clk 0:40:36]} f5 {[%clk 0:35:15]} 16. Kd1 {[%clk 0:25:01]} gxf3
{[%clk 0:26:22]} 17. gxf3 {[%clk 0:22:25]} Rh4 {[%clk 0:24:10]} 18. Re3
{[%clk 0:13:09]} d5 {[%clk 0:21:14]} 19. Bd3 {[%clk 0:13:13]} Bg5
{[%clk 0:21:28]} 20. Re2 {[%clk 0:12:48]} fxe4 {[%clk 0:21:21]} 21. fxe4
{[%clk 0:13:04]} Bg4 {[%clk 0:21:45]} 22. exd5 {[%clk 0:10:11]} Bxe2+
{[%clk 0:21:50]} 0-1

[Event "Nordic Youth Chess Championship"]
[Site "?"]
[Date "2020.02.14"]
[Round "1.6"]
[White "Kristensen, Bjarke Hautop"]
[Black "Morkore, Rogvi"]
[Result "1-0"]
[BlackElo "1589"]
[WhiteElo "2227"]
[LiveChessVersion "1.4.8"]

1. c4 {[%clk 1:30:58]} Nf6 {[%clk 1:30:45]} 2. Nf3 {[%clk 1:30:34]} e6
{[%clk 1:30:08]} 3. g3 {[%clk 1:30:51]} d5 {[%clk 1:29:56]} 4. Bg2
{[%clk 1:31:14]} c5 {[%clk 1:27:45]} 5. cxd5 {[%clk 1:25:07]} exd5
{[%clk 1:27:44]} 6. d4 {[%clk 1:25:31]} Nc6 {[%clk 1:26:45]} 7. O-O
{[%clk 1:18:51]} Be6 {[%clk 1:21:27]} 8. Nc3 {[%clk 1:16:36]} Rc8
{[%clk 1:12:42]} 9. b3 {[%clk 1:12:03]} a6 {[%clk 1:08:10]} 10. Bb2
{[%clk 1:08:15]} Nxd4 {[%clk 1:01:47]} 11. Nxd4 {[%clk 1:08:02]} cxd4
{[%clk 1:02:10]} 12. Qxd4 {[%clk 1:08:20]} Bc5 {[%clk 1:02:15]} 13. Qd3
{[%clk 0:47:27]} Qd7 {[%clk 0:49:10]} 14. Rad1 {[%clk 0:47:37]} Bf5
{[%clk 0:46:37]} 15. e4 {[%clk 0:47:31]} dxe4 {[%clk 0:36:45]} 16. Qxd7+
{[%clk 0:47:31]} Bxd7 {[%clk 0:34:32]} 17. Nxe4 {[%clk 0:47:21]} Nxe4
{[%clk 0:29:39]} 18. Bxe4 {[%clk 0:47:39]} Bc6 {[%clk 0:26:02]} 19. Bxg7
{[%clk 0:46:26]} Rg8 {[%clk 0:26:24]} 20. Rfe1 {[%clk 0:44:52]} Be7
{[%clk 0:24:47]} 21. Bf6 {[%clk 0:43:55]} Bxf6 {[%clk 0:20:15]} 22. Bf5+
{[%clk 0:43:45]} 1-0

[Event "Nordic Youth Chess Championship"]
[Site "?"]
[Date "2020.02.14"]
[Round "1.7"]
[White "Stage-Steffensen, Sander"]
[Black "Stefansson, Vignir Vatnar"]
[Result "1/2-1/2"]
[BlackElo "2323"]
[WhiteElo "2105"]
[LiveChessVersion "1.4.8"]

1. e4 c5 {[%clk 1:30:35]} 2. Nf3 {[%clk 1:31:12]} Nc6 {[%clk 1:31:00]} 3. Bb5
{[%clk 1:31:13]} g6 {[%clk 1:28:17]} 4. O-O {[%clk 1:27:57]} Bg7 {[%clk 1:28:14]}
5. Nc3 {[%clk 1:26:55]} Nd4 {[%clk 1:21:18]} 6. Nxd4 {[%clk 1:24:41]} cxd4
{[%clk 1:21:40]} 7. Ne2 {[%clk 1:21:29]} Qb6 8. Bc4 d6 {[%clk 1:18:26]} 9. d3
{[%clk 1:20:19]} Nf6 10. c3 {[%clk 1:17:40]} dxc3 {[%clk 1:18:05]} 11. bxc3
{[%clk 1:17:13]} O-O {[%clk 1:18:05]} 12. Be3 {[%clk 1:17:13]} Qc7
{[%clk 1:18:05]} 13. Bb3 {[%clk 1:17:13]} Bd7 {[%clk 1:18:05]} 14. h3
{[%clk 1:17:13]} b5 {[%clk 1:09:23]} 15. Rc1 {[%clk 1:07:49]} Rfc8
{[%clk 1:07:11]} 16. f4 {[%clk 1:03:32]} a5 {[%clk 1:05:38]} 17. Qd2
{[%clk 0:58:50]} Qb7 {[%clk 1:01:23]} 18. Nd4 {[%clk 0:55:48]} a4
{[%clk 0:58:23]} 19. Bd1 {[%clk 0:54:27]} b4 {[%clk 0:53:16]} 20. c4
{[%clk 0:51:11]} e5 {[%clk 0:49:42]} 21. fxe5 {[%clk 0:47:50]} dxe5
{[%clk 0:50:04]} 22. Nf3 {[%clk 0:45:48]} Ne8 {[%clk 0:46:30]} 23. Ng5
{[%clk 0:43:36]} f6 {[%clk 0:45:57]} 24. Nf3 {[%clk 0:43:37]} Nd6
{[%clk 0:37:40]} 25. Rb1 {[%clk 0:41:31]} Rab8 {[%clk 0:38:09]} 26. Qf2
{[%clk 0:41:45]} Qc6 {[%clk 0:35:36]} 27. Nd2 {[%clk 0:39:22]} Be6
{[%clk 0:32:46]} 28. Bf3 {[%clk 0:36:28]} Nf7 {[%clk 0:31:45]} 29. Rfc1
{[%clk 0:35:13]} Qd6 {[%clk 0:30:33]} 30. Be2 {[%clk 0:34:01]} f5
{[%clk 0:29:09]} 31. Ba7 {[%clk 0:29:54]} Rb7 {[%clk 0:27:59]} 32. c5
{[%clk 0:27:35]} Qd7 {[%clk 0:20:15]} 33. Bb6 {[%clk 0:26:22]} Bh6
{[%clk 0:19:01]} 34. Rd1 {[%clk 0:19:43]} Bf8 {[%clk 0:16:01]} 35. d4
{[%clk 0:18:40]} Rxb6 {[%clk 0:09:49]} 36. cxb6 {[%clk 0:19:02]} Bxa2
{[%clk 0:10:15]} 37. Ra1 {[%clk 0:17:18]} b3 {[%clk 0:10:06]} 38. Nc4
{[%clk 0:14:35]} exd4 {[%clk 0:10:28]} 39. exf5 {[%clk 0:12:06]} Qxf5
{[%clk 0:08:23]} 40. Qxf5 {[%clk 0:11:05]} gxf5 {[%clk 0:08:51]} 41. Rd2
{[%clk 0:08:25]} Nd6 {[%clk 0:06:56]} 42. Rdxa2 {[%clk 0:05:52]} bxa2
{[%clk 0:06:50]} 43. Rxa2 {[%clk 0:05:30]} Nxc4 {[%clk 0:04:17]} 44. b7
{[%clk 0:05:50]} Rb8 {[%clk 0:04:36]} 45. Bxc4+ {[%clk 0:06:15]} Kg7
{[%clk 0:05:03]} 46. Bd5 {[%clk 0:05:59]} a3 {[%clk 0:05:27]} 47. Kf1
{[%clk 0:05:21]} Bc5 {[%clk 0:03:40]} 48. Ke2 {[%clk 0:04:55]} Re8+
{[%clk 0:03:56]} 49. Kd2 {[%clk 0:04:09]} Kf6 {[%clk 0:04:25]} 50. Bc6
{[%clk 0:04:06]} Rg8 {[%clk 0:04:33]} 51. Kd3 {[%clk 0:04:11]} Ke5
{[%clk 0:04:27]} 52. Kc4 {[%clk 0:04:11]} Kd6 {[%clk 0:04:27]} 1/2-1/2

[Event "Nordic Youth Chess Championship"]
[Site "?"]
[Date "2020.02.14"]
[Round "1.8"]
[White "Torngren, Gustav"]
[Black "Aalto, Patrik"]
[Result "1-0"]
[BlackElo "2080"]
[WhiteElo "2279"]
[LiveChessVersion "1.4.8"]

1. Nf3 {[%clk 1:30:57]} d5 {[%clk 1:29:52]} 2. b3 {[%clk 1:30:49]} c5
{[%clk 1:29:25]} 3. Bb2 {[%clk 1:31:02]} Nc6 {[%clk 1:29:18]} 4. e3
{[%clk 1:30:01]} a6 {[%clk 1:28:16]} 5. Be2 {[%clk 1:26:10]} Nf6 {[%clk 1:26:36]}
6. O-O {[%clk 1:26:26]} e6 {[%clk 1:25:50]} 7. d4 {[%clk 1:26:33]} cxd4
{[%clk 1:07:18]} 8. exd4 {[%clk 1:26:47]} Bd6 {[%clk 1:06:35]} 9. Nbd2
{[%clk 1:26:03]} O-O {[%clk 1:04:34]} 10. Re1 {[%clk 1:22:57]} Re8
{[%clk 0:56:34]} 11. Ne5 {[%clk 1:18:26]} Nd7 {[%clk 0:49:26]} 12. Bd3
{[%clk 1:15:27]} Ndxe5 {[%clk 0:29:06]} 13. dxe5 {[%clk 1:15:36]} Bc5
{[%clk 0:28:40]} 14. Nf3 {[%clk 1:08:49]} b5 {[%clk 0:26:37]} 15. c3
{[%clk 1:06:25]} Bb7 {[%clk 0:24:32]} 16. b4 {[%clk 1:05:08]} Be7
{[%clk 0:21:06]} 17. a3 {[%clk 0:49:27]} Rc8 {[%clk 0:17:15]} 18. Nd4
{[%clk 0:40:06]} Nxd4 {[%clk 0:12:43]} 19. cxd4 {[%clk 0:40:33]} Bg5
{[%clk 0:12:59]} 20. g3 {[%clk 0:40:21]} g6 {[%clk 0:12:07]} 21. h4
{[%clk 0:39:02]} Bh6 {[%clk 0:11:40]} 22. Kg2 {[%clk 0:38:57]} Bg7
{[%clk 0:10:20]} 23. h5 {[%clk 0:38:55]} Qe7 {[%clk 0:03:58]} 24. Rh1
{[%clk 0:39:05]} Rf8 {[%clk 0:03:29]} 25. h6 {[%clk 0:34:11]} Bh8
{[%clk 0:03:54]} 26. f4 {[%clk 0:33:30]} f6 {[%clk 0:03:01]} 27. Qg4
{[%clk 0:33:16]} f5 {[%clk 0:01:25]} 28. Qe2 {[%clk 0:32:58]} Rc6
{[%clk 0:01:24]} 29. Kf2 {[%clk 0:32:41]} Qf7 {[%clk 0:01:10]} 30. Ke3
{[%clk 0:33:07]} Rfc8 {[%clk 0:00:54]} 31. Rag1 {[%clk 0:32:32]} Kf8
{[%clk 0:00:37]} 32. Rh2 {[%clk 0:24:53]} Ke7 {[%clk 0:00:51]} 33. Ra1
{[%clk 0:24:25]} Kf8 {[%clk 0:00:42]} 34. Rf2 {[%clk 0:24:35]} Qe7
{[%clk 0:00:34]} 35. g4 {[%clk 0:24:20]} fxg4 {[%clk 0:00:44]} 36. Qxg4
{[%clk 0:24:46]} Ke8 {[%clk 0:00:39]} 37. Qg5 {[%clk 0:24:13]} Kd7
{[%clk 0:00:41]} 38. Qxe7+ {[%clk 0:24:03]} Kxe7 {[%clk 0:01:10]} 39. Kf3
{[%clk 0:23:13]} Kf7 {[%clk 0:01:22]} 40. Kg4 {[%clk 0:23:24]} Rf8
{[%clk 0:00:54]} 41. Rc1 {[%clk 0:21:37]} Rxc1 {[%clk 0:01:02]} 42. Bxc1
{[%clk 0:22:06]} Rc8 {[%clk 0:01:00]} 43. Bd2 {[%clk 0:19:32]} Ra8
{[%clk 0:00:36]} 44. Rf1 {[%clk 0:19:49]} Ke7 {[%clk 0:00:33]} 45. Kg5
{[%clk 0:20:00]} Bc6 {[%clk 0:00:40]} 46. Rc1 {[%clk 0:19:41]} Bd7
{[%clk 0:00:51]} 47. Rc7 {[%clk 0:17:19]} Kd8 {[%clk 0:00:54]} 48. Rc5
{[%clk 0:17:20]} Ke7 {[%clk 0:00:39]} 49. Be1 {[%clk 0:17:19]} Kf7
{[%clk 0:00:36]} 50. Be2 {[%clk 0:16:40]} Rc8 {[%clk 0:00:33]} 51. Bh4
{[%clk 0:12:57]} Rxc5 {[%clk 0:00:32]} 52. bxc5 {[%clk 0:13:13]} Bc6
{[%clk 0:00:33]} 53. Be1 {[%clk 0:13:11]} Ke7 {[%clk 0:00:39]} 54. Bd3
{[%clk 0:13:25]} Kf7 {[%clk 0:00:59]} 55. Ba5 {[%clk 0:13:41]} Bd7
{[%clk 0:01:01]} 56. Bd8 {[%clk 0:13:59]} Bc6 {[%clk 0:00:41]} 57. Kg4
{[%clk 0:11:39]} Ke8 {[%clk 0:00:42]} 58. Bh4 {[%clk 0:10:14]} Kf7
{[%clk 0:00:54]} 59. Kf3 {[%clk 0:10:33]} Ke8 {[%clk 0:00:34]} 60. Ke2
{[%clk 0:10:57]} Kf7 {[%clk 0:00:32]} 61. Kd2 {[%clk 0:11:20]} Be8
{[%clk 0:00:34]} 62. Kc3 {[%clk 0:11:40]} a5 {[%clk 0:00:39]} 63. Bd8
{[%clk 0:11:58]} b4+ {[%clk 0:00:32]} 64. axb4 {[%clk 0:12:18]} axb4+
{[%clk 0:00:53]} 65. Kxb4 {[%clk 0:12:44]} Bd7 {[%clk 0:01:10]} 66. Ka5
{[%clk 0:13:05]} Ke8 {[%clk 0:01:26]} 67. Bh4 {[%clk 0:13:22]} Bc6
{[%clk 0:00:55]} 68. Kb6 {[%clk 0:13:45]} Kd7 {[%clk 0:01:04]} 69. Bf6
{[%clk 0:14:00]} 1-0